000 00894nab a2200253 u 4500
001 02993
003 HDC
007 cr bn ---
008 201225 2005 xx |0 eng
040 _aHDC
245 0 _aPRODUCT MARKET STUDY:
_bMARKETING OF HALAL PRODUCTS IN SAUDI ARABIA
260 _a[No place] :
_b[publisher not identified],
_c2005
300 _a1 online resource (14pages)
336 _atext
_2rdacontent
337 _acomputer
_2rdamedia
338 _aonline resource
_2rdacarrier
650 _aHalal industry
_xReligious aspects
_zSaudi Arabia
_91642
650 _aHalal product
_zSaudi Arabia
_91641
650 _aMarketing
_zSaudi Arabia
_91640
856 _zRequest full-text at [email protected]
942 _2lcc
942 _cAR
942 _kJART 002116
999 _c379
_d379